2012 Global Cities Quiz - Statistics

General Stats
  • This quiz has been taken 1,357 times
    1,307 since last reset
  • The average score is 129 of 178
Answer Stats
Category Country / Region Answer % Correct
Alpha ++ United Kingdom London
99%
Alpha ++ United States New York City
98%
Alpha + France Paris
98%
Alpha + Japan Tokyo
98%
Alpha Netherlands Amsterdam
97%
Alpha China Beijing
97%
Alpha + Australia Sydney
97%
Alpha Spain Madrid
96%
Beta + Germany Berlin
95%
Alpha + United Arab Emirates Dubai
95%
Alpha Mexico Mexico City
95%
Alpha Russia Moscow
95%
Alpha Belgium Brussels
94%
Alpha + United States Chicago
94%
Alpha + Hong Kong Hong Kong
94%
Alpha United States Los Angeles
94%
Beta + Italy Rome
94%
Alpha + China Shanghai
94%
Alpha + Singapore Singapore
94%
Alpha - Ireland Dublin
93%
Alpha - Spain Barcelona
92%
Alpha Argentina Buenos Aires
92%
Alpha - Portugal Lisbon
92%
Alpha Italy Milan
92%
Beta + Egypt Cairo
91%
Alpha Canada Toronto
91%
Beta South Africa Cape Town
90%
Alpha - Turkey Istanbul
90%
Alpha India Mumbai
90%
Alpha - Germany Munich
90%
Alpha South Korea Seoul
90%
Beta + Sweden Stockholm
90%
Alpha - Poland Warsaw
90%
Beta + Greece Athens
89%
Beta United Kingdom Manchester
89%
Beta - Brazil Rio De Janeiro
89%
Alpha United States San Francisco
89%
Alpha - Austria Vienna
89%
Alpha - Thailand Bangkok
88%
Beta + Denmark Copenhagen
88%
Alpha - United States Dallas
88%
Alpha - Australia Melbourne
88%
Alpha - United States Miami
88%
Beta Norway Oslo
88%
Alpha - Chile Santiago
88%
Beta Hungary Budapest
87%
Alpha Germany Frankfurt
87%
Beta - Finland Helsinki
87%
Beta + United States Houston
87%
Alpha - Indonesia Jakarta
87%
Beta Ukraine Kiev
87%
Beta + Canada Montreal
87%
Beta + Czech Republic Prague
87%
Beta + Canada Vancouver
87%
Alpha United States Washington, D.C.
87%
Alpha - United States Boston
86%
Alpha Malaysia Kuala Lumpur
86%
Alpha - Taiwan Taipei
86%
Alpha - Switzerland Zurich
86%
Alpha - South Africa Johannesburg
85%
Beta Luxembourg Luxembourg
85%
Alpha Brazil São Paulo
85%
Beta + Colombia Bogotá
84%
Beta Romania Bucharest
84%
Beta Peru Lima
84%
Beta + Philippines Manila
84%
Beta United States Seattle
84%
Beta + Germany Hamburg
83%
Beta + Israel Tel Aviv
82%
Beta New Zealand Auckland
81%
Beta - United Kingdom Birmingham
81%
Beta Venezuela Caracas
81%
Alpha - India New Delhi
81%
Beta Lebanon Beirut
80%
Beta Saudi Arabia Riyadh
80%
Gamma + Vietnam Hanoi
79%
Beta - Japan Osaka
79%
Beta - Panama Panama City
79%
Alpha - United States Philadelphia
79%
Gamma Russia Saint Petersburg
79%
Alpha - United States Atlanta
78%
Beta Vietnam Ho Chi Minh City
78%
Beta - Australia Perth
77%
Beta - United Arab Emirates Abu Dhabi
76%
Beta Uruguay Montevideo
76%
Gamma - New Zealand Wellington
76%
Beta - Switzerland Geneva
75%
Gamma + Kenya Nairobi
75%
Beta - United States San Diego
74%
Beta - United States Detroit
73%
Gamma + Kuwait Kuwait City
73%
Gamma - Canada Ottawa
73%
Gamma + Latvia Riga
73%
Beta - Bulgaria Sofia
73%
Beta - Morocco Casablanca
72%
Beta - United States Denver
72%
Gamma + United Kingdom Glasgow
72%
Gamma + Costa Rica San José
72%
Gamma + United States San Jose
72%
Beta - Slovakia Bratislava
71%
Beta - Australia Brisbane
71%
Beta - Guatemala Guatemala City
71%
Beta Pakistan Karachi
71%
Beta - Nigeria Lagos
71%
Gamma Ecuador Quito
71%
Gamma + Serbia Belgrade
70%
Beta China Guangzhou
69%
Gamma - Pakistan Islamabad
69%
Gamma France Lyon
69%
Gamma - France Marseille
69%
Gamma + Tunisia Tunis
69%
Gamma + Croatia Zagreb
69%
Gamma + United Kingdom Edinburgh
68%
Gamma Netherlands Rotterdam
68%
Gamma - United States Austin
66%
Beta + India Bangalore
66%
Gamma + Qatar Doha
66%
Beta + Germany Düsseldorf
66%
Beta United States Minneapolis
66%
Beta - Canada Calgary
65%
Gamma United States Phoenix
65%
Gamma El Salvador San Salvador
65%
Beta India Chennai
64%
Gamma + Jordan Amman
63%
Beta - Germany Cologne
62%
Gamma - Portugal Porto
62%
Gamma Lithuania Vilnius
62%
Beta - Cyprus Nicosia
61%
Gamma + United States Portland
61%
Gamma Dominican Republic Santo Domingo
60%
Beta - India Kolkata
59%
Gamma - United States Orlando
59%
Gamma + Australia Adelaide
58%
Gamma + Belgium Antwerp
58%
Beta - United States Cleveland
58%
Gamma + Pakistan Lahore
58%
Beta - Puerto Rico San Juan
58%
Beta - United States St. Louis
58%
Gamma - United Kingdom Belfast
57%
Gamma Canada Edmonton
57%
Gamma Mexico Guadalajara
57%
Gamma United Kingdom Leeds
57%
Gamma - Estonia Tallinn
57%
Gamma Spain Valencia
57%
Gamma - Ghana Accra
56%
Gamma - Sri Lanka Colombo
55%
Gamma - Italy Turin
55%
Gamma + United States Baltimore
54%
Gamma United States Indianapolis
54%
Beta - Germany Stuttgart
54%
Gamma United States Tampa
54%
Gamma + Saudi Arabia Jeddah
52%
Gamma - Oman Muscat
52%
Gamma + United States Charlotte
51%
Beta - Bahrain Manama
50%
Beta - Mexico Monterrey
50%
Gamma United States Kansas City
49%
Gamma United States Pittsburgh
49%
Gamma + India Hyderabad
48%
Gamma - Slovenia Ljubljana
46%
Gamma - Honduras Tegucigalpa
46%
Gamma - South Africa Durban
45%
Gamma - Japan Nagoya
45%
Gamma + United States Cincinnati
44%
Gamma United States Columbus
44%
Beta - China Shenzhen
41%
Beta - Mauritius Port Louis
40%
Gamma Kazakhstan Almaty
39%
Gamma + United Kingdom Bristol
39%
Gamma - Sweden Gothenburg
39%
Gamma - United States Milwaukee
38%
Gamma - Ecuador Guayaquil
32%
Gamma - Brazil Porto Alegre
31%
Gamma - India Pune
28%
Gamma - United States Richmond
28%
Gamma - Brazil Curitiba
26%
Gamma - Cayman Islands George Town
25%
Gamma - United Kingdom Southampton
21%
No matching quizzes found
Score Distribution
Percent of People with Each Score
Percentile by Number Answered
Your Score History
You have not taken this quiz since the last reset